00706cam a2200229u 450000100060000000300080000600500170001400800410003103500190007204000330009104100080012408200210013210000520015324500670020526000420027230000290031450400200034365100290036383000120039270000190040483000530042328491BD-RjUL20211209051305.0140330t1959 le b 001 0 eng d a(BD-RjUL)28572 aDLCcCarPdDLCdBD-RjULbeng aeng04a956.92bSAM 19591 aSalibi, Kamal S.q(Kamal Suleiman),d1929-2011.10aMaronite historians of mediƦval Lebanon /cby Kamal S. Salibi aBeirut :bAmerican University,c1959. a262 p. :bill. ;c25 cm. aincludes index. 0aLebanonxHistoriography. 0vno. 34.1 aLewis, Bernard 0aPublication of the Faculty of Arts and Sciences.